Akčné učenie vo formálnom vzdelávaní

Enregistré dans:
Détails bibliographiques
Auteur principal: Matulčíková, Marta, 1964-
Format: Chapitre de livre
Langue:slovaque
anglais
Sujets:
Tags: Ajouter un tag
Pas de tags, Soyez le premier à ajouter un tag!

MARC

LEADER 00000naa$a2200000$$$4500
001 0290201
005 20240502074445.4
041 0 |a slo 
041 0 |a eng 
044 |a SK 
245 1 0 |a Akčné učenie vo formálnom vzdelávaní  |c Marta Matulčíková 
500 |a Abstrakt 
610 2 0 |a vzdelanie 
610 2 0 |a inovácia 
610 2 0 |a študenti 
610 2 0 |a experimenty 
610 2 0 |a informácie 
100 1 |a Matulčíková, Marta, 1964-